000 00387nam a2200133Ia 4500
001 2414
008 241024s9999 xx 000 0 und d
082 _aRD/500/D346i/2010-2012
100 _aDelegación Permanente de la República Dominicana ante la UNESCO
245 0 _aInforme de Gestión 2010-2012
260 _bAmigo del Hogar
_c2012
901 _a28/8/2012 2:53:04 p.m.
999 _c8220
_d8220